Κοινωνιολογία και κοινωνική διοίκηση

Αποθηκεύτηκε σε:
Λεπτομέρειες βιβλιογραφικής εγγραφής
Κύριος συγγραφέας: Ραφαήλ, Μάριος
Μορφή: Βιβλίο
Γλώσσα:Greek
Δημοσίευση: Αθήνα : Καραμπερόπουλος, 1978
Θέματα:
Ετικέτες: Προσθήκη ετικέτας
Δεν υπάρχουν, Καταχωρήστε ετικέτα πρώτοι!

MARC

LEADER 00000cam a2200000 i 4500
001 1/46410
008 960306s1978 gr | ||| |||| ||gre||
035 |l 10026315 
040 |a GR-MY-UA  |b gre  |e aacr 
041 0 |a gre 
082 0 |a 301.06 
100 1 |a Ραφαήλ, Μάριος. 
245 1 0 |a Κοινωνιολογία και κοινωνική διοίκηση /  |c Μάριος Ραφαήλ 
260 |a Αθήνα :   |b Καραμπερόπουλος,   |c 1978 
300 |a  128 σ. 
500 |a Περιλαμβάνει βιβλιογραφία 
650 0 0 |a Sociology. 
852 |a INST  |b CHIOS  |e 19960306  |h 301.06 ΡΑΦ  |p 005200000695  |q 005200000695  |t BK  |y 0 
909 |a Χ  |b 016320